000 01409nam a22003255i 4500
001 156479
003 ES-MaACL
005 20251210193320.0
008 150120s2003 sp |||| | spa d
020 _a84-931127-5-5
080 _a75 Lorenzo de Ávila
080 _a75 Juan de Borgoña
100 1 _aFiz Fuertes, Irune.
_9156146
245 1 0 _aLorenzo de Ávila, Juan de Borgoña II y su escuela
_b: la recepción del Renacimiento en tierras de Zamora y León /
_cIrune Fiz Fuertes.
260 _aBenavente :
_bCentro de Estudios Benaventanos "Ledo del Pozo",
_c2003.
300 _a185 p. :
_bil. col. ;
_c25 cm.
490 1 _aExposiciones y catálogos ;
_v6
500 _aIncluye (p. 165-176) apéndice documental.
504 _aBibliografía: p. 177-182. Índices.
600 1 7 _aLorenzo de Ávila,
_dm. 1570
_2
_9156147
600 1 4 _aJuan de Borgoña
_cel joven (
_dca. 1500-ca. 1565)
_9156148
650 4 _aArte renacentista-
_zEspaña.
_9145372
655 7 _2tgfbne
_9193628
_aCatálogos de exposiciones
710 2 _aCentro de Estudios Benaventanos "Ledo del Pozo"
_9144530
830 0 0 _aExposiciones y catálogos
_v6
_9187714
852 _aES-MaACL
_jA-13321
_9162241
_bR.150320
_cSPP1
_dOlim: N-6321
_hDonación: Centro de Estudios Benaventanos
914 _9144530
_aCentro de Estudios Benaventanos "Ledo del Pozo"
_ednr
942 _2udc
_cMONOGRAFIA
999 _c156479
_d156479